Statistics for Classic Nintendo 64 Games by Screenshot

Click here to take the quiz!

General Stats

  • This quiz has been taken 777 times
  • The average score is 13 of 20

Answer Stats

Answer% Correct
Super Mario 64
100%
Mario Kart 64
99%
The Legend of Zelda: Ocarina of Time
97%
Pokémon Snap
90%
Kirby 64: The Crystal Shards
87%
Super Smash Bros.
80%
GoldenEye 007
78%
Star Fox 64
74%
Yoshi's Story
74%
Diddy Kong Racing
70%
Banjo-Kazooie
69%
F-Zero X
63%
Bomberman 64
58%
Conker's Bad Fur Day
51%
Excitebike 64
42%
Wave Race 64
36%
Castlevania
35%
Perfect Dark
32%
Pilotwings 64
26%
Jet Force Gemini
15%

Score Distribution

Percentile by Number Answered

Percent of People with Each Score

Your Score History

You have not taken this quiz